| 000 | 00632nam a22002057a 4500 | ||
|---|---|---|---|
| 003 | OSt | ||
| 005 | 20151022170003.0 | ||
| 008 | 150212b xxu||||| |||| 00| 0 eng d | ||
| 040 | _cBMC | ||
| 082 | _a813.5 | ||
| 100 | 1 |
_931330 _aSusann, Jacqueline _d1918-1974 |
|
| 245 | 1 | 3 |
_aEl valle de las Muñecas _cJacqueline Susann ; [traducido por Manuel Herrero Molina] |
| 250 | _a15ª ed | ||
| 260 |
_aBarcelona [etc.] _bGrijalbo _c[1977] |
||
| 300 |
_a407 p. _c20 cm |
||
| 595 | _aTraducción de: Valley of the dolls | ||
| 650 | 2 | 4 |
_917595 _aNovela norteamericana |
| 700 | 1 |
_931536 _aHerrero Molina, Manuel |
|
| 942 |
_2ddc _cBK _hahoj |
||
| 999 |
_c18457 _d18457 |
||